[Event "NGR-ch (Women)"]
[Site "Lagos"]
[Date "2021.11.11"]
[Round "5"]
[White "Pelomoh, Jessica Onoriode"]
[Black "Omishogbon, Nkem"]
[Result "1/2-1/2"]
[WhiteElo "1974"]
[BlackElo "1748"]
[PlyCount "100"]
[EventDate "2021.11.09"]
[EventType "tourn"]
[EventRounds "9"]
[EventCountry "NGR"]
[SourceTitle "CBM 205 Extra"]
[Source "ChessBase"]
[SourceDate "2022.01.31"]
[SourceVersion "1"]
[SourceVersionDate "2022.01.31"]
[SourceQuality "1"]

1. Nf3 Nc6 2. d4 d5 3. Bf4 Bf5 4. c3 e6 5. Nbd2 Bd6 6. e3 Bxf4 7. exf4 Nge7 8. Bb5 0-0 9. 0-0 h6 10. Ne5 Nxe5 11. fxe5 Rc8 12. Rc1 c5 13. dxc5 Rxc5 14. Ba4 Qb6 15. Bb3 Rfc8 16. Nf3 Ng6 17. Qd4 Qc7 18. Bc2 Bxc2 19. Rxc2 b6 20. Re2 Rc4 21. Qd2 Rg4 22. h3 Re4 23. Rfe1 Rxe2 24. Rxe2 Qc4 25. a3 Nf4 26. Re3 Ng6 27. Nd4 a6 28. Rg3 Kh8 29. f4 Qc5 30. Kh2 Nh4 31. Rd3 Ng6 32. g4 Ne7 33. f5 Nc6 34. Nxc6 Qxc6 35. f6 g5 36. h4 Rg8 37. hxg5 Qc7 38. Qf4 Rxg5 39. Re3 Kh7 40. Kg2 b5 41. Kf3 Qc4 42. Qxc4 bxc4 43. Kf4 Rg8 44. Rh3 Kg6 45. Rh2 a5 46. a4 Rb8 47. Rg2 Rb3 48. Re2 Rb8 49. Rd2 Rb3 50. Rg2 Rb8 1/2-1/2